000 01821nam a22004577a 4500
003 CHAP
005 20220329143936.0
008 121005s2012 mx r 00010 spa d
010 _a104038
011 _a105010
035 _a115702
040 _cCHAP
090 _aTesis
100 1 _aDíaz Montalvo, Patricia.
_933560
245 1 0 _aPatrones de maduración de tomate cv caiman (Solanum lycopersicum L.) cultivado en diferentes granulometrias de tezontle
_h[En línea]
_c/por Patricia Díaz Montalvo y Sofía Aguilar Rosales
260 _aChapingo, Méx. :
_bEl autor,
_c2012
500 _aPara ver el contenido del material haga clic en la liga
502 _aTesis (Ing. Agroindustrial) -- UACH. Departamento de Ingeniería Industrial
590 _aALEPH
_b10
_c20130110
_lUCH01
_h1547
590 _aBATCH-UPD
_b10
_c20130110
_lUCH01
_h0252
590 _aBATCH-UPD
_b10
_c20130110
_lUCH01
_h0302
590 _aBATCH-UPD
_b10
_c20130110
_lUCH01
_h0358
590 _aBATCH-UPD
_b10
_c20130409
_lUCH01
_h2150
590 _aBATCH-UPD
_b10
_c20130409
_lUCH01
_h2323
590 _aBATCH-UPD
_b10
_c20130913
_lUCH01
_h2203
590 _aBATCH-UPD
_b10
_c20140324
_lUCH01
_h1534
590 _aBATCH-UPD
_b10
_c20141002
_lUCH01
_h0855
590 _aBATCH
_b00
_c20181121
_lUCH01
_h0758
590 _aCONVERSION
_b10
_c20130109
_lUCH01
_h1357
650 1 4 _aHidroponía.
_955280
650 1 4 _aSustratos.
_9110789
650 1 4 _aTomate
_xCultivos en invernadero.
_9113704
650 1 4 _aTomate
_xRendimiento.
_9113761
700 1 _aAguilar Rosales, Sofia.
_92836
856 _3Finding aid
_uhttp://10.13.5.2/tesis/115702.pdf
_zTeclea aqui
856 _a1
_n0000111
901 _aBK
942 _cFOLL
949 _aTesis
_bBC
_cTES
_d33724002350306
_eTS1
_h54135
_i115702
_st
949 _aTesis
_bBC
_cTES
_d33724002350347
_eTS2
_fc.2
_h54136
_i115702
_st
999 _c104038
_d104038